| 000 | 01512nam a22003977a 4500 | ||
|---|---|---|---|
| 003 | CHAP | ||
| 005 | 20220329140931.0 | ||
| 008 | 971013s1990 r 00010 d | ||
| 010 | _a60020 | ||
| 011 | _a60992 | ||
| 035 | _a65156 | ||
| 040 | _cCHAP | ||
| 090 | _aTesis | ||
| 100 | 0 | 0 |
_aHernández Carrera, Vicente Xicotencaltl. _953881 |
| 245 | _aEstudio bromatológico de la avena forrajera (Avena sativa L.) variedad Cuauhtémoc sembrada a 10 diferentes formulas de fertilización | ||
| 260 |
_aCd. Juárez, Chih. : _bEl autor, _c1990 |
||
| 300 | _a42 h. | ||
| 500 | _ac.4 en bodega | ||
| 502 | _aTesis (Ing. Agr. Esp. en Zootecnia) -- Escuela Superior de Agricultura Hermanos Escobar. Departamento de Zootecnia | ||
| 590 |
_aALEPH _b10 _c20130110 _lUCH01 _h1338 |
||
| 590 |
_aBATCH-UPD _b10 _c20130110 _lUCH01 _h0526 |
||
| 590 |
_aBATCH-UPD _b10 _c20130110 _lUCH01 _h2233 |
||
| 590 |
_aBATCH-UPD _b10 _c20130410 _lUCH01 _h0206 |
||
| 590 |
_aBATCH-UPD _b10 _c20130914 _lUCH01 _h0433 |
||
| 590 |
_aCONVERSION _b10 _c20130109 _lUCH01 _h1332 |
||
| 650 | 1 | 4 |
_aAvena como forraje. _98556 |
| 650 | 1 | 4 |
_aAvena _xValor nutritivo. _98551 |
| 650 | 1 | 4 |
_aFertilizantes para avena. _940603 |
| 650 | 1 | 4 |
_aFertilizantes _xEfecto en avena. _940480 |
| 700 | 0 |
_aMartínez Frausto, Humberto Elías. _972039 |
|
| 901 | _aBK | ||
| 942 | _cFOLL | ||
| 949 |
_bBC _cTES _d-144316 _eTS1 _h29024 _i65156 _si |
||
| 949 |
_bBC _cTES _d33724000090056 _eTS2 _fc.2 _h29025 _i65156 _si |
||
| 949 |
_bBC _cTES _d33724000170239 _eTS2 _fc.3 _h29026 _i65156 _si |
||
| 999 |
_c60020 _d60020 |
||